|
|
|
|
| LEADER |
00000nab a2200000 a 4500 |
| 001 |
vtls000191742 |
| 003 |
SK-MaSNL |
| 005 |
20260302205222.0 |
| 008 |
180409c1984 xo 0 slo |
| 015 |
|
|
|a SNBRB19rr/mm-uuuuu
|
| 035 |
|
|
|a CL0201855
|
| 040 |
|
|
|a SNKBUCL
|b slo
|c SNKBUCL
|e AACR2
|
| 041 |
0 |
|
|a slo
|
| 044 |
|
|
|a xo
|c SK
|
| 080 |
|
|
|a 943.76:37.01-053.6
|2 1981
|
| 080 |
|
|
|a 37.01-053.6
|2 1981
|
| 100 |
1 |
|
|a Bystrický, Jozef,
|d 1950-
|4 aut
|9 115366
|
| 245 |
1 |
0 |
|a SNP - zdroj poučenia pre výchovu mladej generácie
|c Jozef Bystrický
|
| 300 |
|
|
|b Lit. 12 zázn. v slov.
|
| 650 |
0 |
7 |
|a Slovenské národné povstanie (1944)
|2 snkbucl
|9 177948
|
| 650 |
0 |
7 |
|a mládež
|2 snkbucl
|9 1575
|
| 655 |
|
7 |
|a články z novín a časopisov
|2 snkbucl
|9 267496
|
| 773 |
0 |
|
|t Osvetová práca
|g Roč. 34, č. 16 (1984), s. 4-6, 10
|
| 850 |
|
|
|a Slovenská národná knižnica v Martine
|a MTA001
|
| 852 |
|
|
|a SNK
|b KIS3GCP
|
| 958 |
|
|
|a NB
|
| 958 |
|
|
|a RK
|
| 992 |
|
|
|a RBX
|
| 999 |
|
|
|c 1476913
|d 1478843
|